A gaivota do mar (Record no. 7847)

MARC details
000 -Etiqueta do registo
Valores 00514nam a2200217 4500
010 ## - Número ISBN
ISBN 9724102181
100 ## - Dados gerais de processamento
Dados gerais 20160217 frey50
101 ## - Língua de publicação
Língua Português
102 ## - País de publicação
País Portugal
200 ## - Titulo e menção de responsabilidade
Título próprio A gaivota do mar
Primeira menção de responsabilidade Maria Maya
Outras menções de responsabilidade il.Paula Oliveira
205 ## - Menção da edição
Edição 2ª ed
210 ## - Publicação
Local de publicação Porto
Nome do editor Asa
Data de publicação 1997
215 ## - Descrição física 
Paginação / Volumes 45 p.
Outras indicações físicas il. ;21 cm
225 ## - Colecção 
Título próprio da colecção Asa juvenil
Indicação de volume 38
675 ## - CDU
Notação 087.5
Edição BN
Língua por
700 ## - Autor principal (pessoa individual)
Apelido Maya,
Nome Maria
702 ## - Autor secundário (pessoa individual)
Apelido Oliveira,
Nome Paula
Função 440
801 ## - Fonte de origem
País PT
Regras de catalogação RPC
990 ## - Elementos KOHA
Tipo de documento Livro
Holdings
Estado Biblioteca de origem Código de barras Cota Permissão de empréstimo Tipo de documento Empréstimo Forma de aquisição
  Biblioteca Municipal de Redondo 07736 087.5 MAY   Livro    
  Biblioteca do Centro Escolar de Montoito 81770 82-93 MAY LIT. INF. JUV.   Livro Biblioteca do Centro Escolar de Montoito  

Powered by Koha